01048nam a2200241Ia 4500003000900000008004100009040001600050080001600066111007200082245021000154260006800364300001000432490001700442650004100459650003200500650003000532700003400562700002800596710004300624942000700667999001500674952011700689IN-BaIIA211028s9999 xx 000 0 eng d cIIA Library a524.5bNASA aConference on interstellar grainscNew yorkd1965 Aug. 24-26,95544 0aInterstellar grainsbproceedings of a conference held at Rensselaer polytechnic Institute in Troy, NY on August 24-26, 1965cedited by Mayo J. Greenberg and Roark T. P.  aWashingtonbNational Aeronautics and Space Administrationc1967 a269p. aNASA SP; 140 aAstronomy and astrophysics thesaurus aInterplanetary grains95545 aInterstellar matter91189 aGreenberg, J. Mayo, ed.95546 aRoark, T. P., ed.95547 aNational Aeronautics and SpaceĀ 95548 cBK c3122d3122 00104070aBANbBANcGENd1968-11-23g77.00l0o524.5/ NASAp3473r2021-11-05v77.00w1968-11-23yBKGRs. 77.00